| 000 | 01120nam a22003014a 4500 | ||
|---|---|---|---|
| 001 | ebr10006967 | ||
| 003 | CaPaEBR | ||
| 006 | m u | ||
| 007 | cr cn||||||||| | ||
| 008 | 010516s2002 nju s 001 0 eng | ||
| 010 | _z 2001026621 | ||
| 020 | _z1564145808 (pbk.) | ||
| 040 |
_aCaPaEBR _cCaPaEBR |
||
| 035 | _a(OCoLC)559300952 | ||
| 050 | 1 | 4 |
_aHD69.T54 _bP36 2002eb |
| 082 | 0 | 4 |
_a650.1 _221 |
| 100 | 1 | _aPanella, Vince. | |
| 245 | 1 | 4 |
_aThe 26-hour day _h[electronic resource] : _bhow to gain at least two hours a day with time control / _cby Vince Panella. |
| 246 | 3 | _aTwenty-six-hour day | |
| 260 |
_aFranklin Lakes, NJ : _bCareer Press, _cc2002. |
||
| 300 | _a263 p. | ||
| 500 | _aIncludes index. | ||
| 533 |
_aElectronic reproduction. _bPalo Alto, Calif. : _cebrary, _d2013. _nAvailable via World Wide Web. _nAccess may be limited to ebrary affiliated libraries. |
||
| 650 | 0 | _aTime management. | |
| 655 | 7 |
_aElectronic books. _2local |
|
| 710 | 2 | _aebrary, Inc. | |
| 856 | 4 | 0 |
_uhttp://site.ebrary.com/lib/rucke/Doc?id=10006967 _zAn electronic book accessible through the World Wide Web; click to view |
| 999 |
_c834 _d834 |
||